Hallazgos histológicos en biopsia de encía, asociados al corte con láser de diodo y electrobisturí 940nm de longitud de onda. / (Registro nro. 29531)

Detalles MARC
000 -LEADER
fixed length control field 02163nam a2200277 4500
003 - CONTROL NUMBER IDENTIFIER
control field co-ctgcurn
005 - DATE AND TIME OF LATEST TRANSACTION
control field 20250405174608.0
008 - FIXED-LENGTH DATA ELEMENTS--GENERAL INFORMATION
fixed length control field 180403s2025 000 0 eng d
040 ## - CATALOGING SOURCE
Original cataloging agency CO-CtgCURN
Language of cataloging spa
Transcribing agency coctgcurn
082 0# - DEWEY DECIMAL CLASSIFICATION NUMBER
Classification number ODO 2024
Item number M843
100 1# - MAIN ENTRY--PERSONAL NAME
Personal name Moreno Rivera, Daniela.
245 10 - TITLE STATEMENT
Title Hallazgos histológicos en biopsia de encía, asociados al corte con láser de diodo y electrobisturí 940nm de longitud de onda. /
Statement of responsibility, etc. Daniela Moreno Rivera; Michelle Pérez Rey; Marcela Alejandra Sánchez Arroyo; David Esteban Vega Santana; asesor Jennifer Orozco Páez; Víctor Simancas Escorcia.
260 ## - PUBLICATION, DISTRIBUTION, ETC.
Place of publication, distribution, etc. Cartagena de Indias :
Name of publisher, distributor, etc. Corporación Universitaria Rafael Nuñez,
Date of publication, distribution, etc. 2025.
300 ## - PHYSICAL DESCRIPTION
Extent 63 hojas.
504 ## - BIBLIOGRAPHY, ETC. NOTE
Bibliography, etc. note Trabajo de grado (Odontología). Corporación Universitaria Rafael Nuñez. Facultad de Ciencias de la Salud. Odontología, 2024.
520 ## - SUMMARY, ETC.
Summary, etc. "El láser (Light Amplification by Stimulated Emission of Radiation) es una tecnología que emite luz monocromática en una longitud de onda específica, se ha convertido en una herramienta versátil en odontología, permitiendo aplicaciones tanto terapéuticas como quirúrgicas. Su uso incluye la sustitución de instrumentos tradicionales como el bisturí frío. De forma similar, el electrobisturí, que emplea corriente eléctrica de alta frecuencia, se utiliza en procedimientos quirúrgicos de tejidos blandos, ofreciendo precisión y control del sangrado. Este estudio compara los efectos histológicos del láser de diodo (940 nm) y el electrobisturí en resecciones gingivales estéticas. "
650 #0 - SUBJECT ADDED ENTRY--TOPICAL TERM
Topical term or geographic name entry element Odontología
Form subdivision Tesis y disertaciones academicas.
700 1# - ADDED ENTRY--PERSONAL NAME
Personal name Pérez Rey, Michelle.
700 1# - ADDED ENTRY--PERSONAL NAME
Personal name Sánchez Arroyo, Marcela Alejandra.
700 1# - ADDED ENTRY--PERSONAL NAME
Personal name Vega Santana, David Esteban.
700 1# - ADDED ENTRY--PERSONAL NAME
Personal name Orozco Páez, Jennifer,
Relator term Asesor.
700 1# - ADDED ENTRY--PERSONAL NAME
Personal name Simancas Escorcia, Víctor,
Relator term Asesor.
856 ## - ELECTRONIC LOCATION AND ACCESS
Uniform Resource Identifier <a href="https://unicurn.sharepoint.com/:b:/s/biblioteca/Eaz5etZdmhhKgvXxGbI1dPIBQZ__D4mjZ-4G9eKBQ7RkOg?e=6dpH3e">https://unicurn.sharepoint.com/:b:/s/biblioteca/Eaz5etZdmhhKgvXxGbI1dPIBQZ__D4mjZ-4G9eKBQ7RkOg?e=6dpH3e</a>
Public note Click aqui para ver el recurso en texto completo
942 ## - ADDED ENTRY ELEMENTS (KOHA)
Source of classification or shelving scheme Dewey Decimal Classification
Koha item type Trabajos de grado
Classification part ODO 2024
Item part M843
Existencias
Withdrawn status Lost status Source of classification or shelving scheme Damaged status Not for loan Collection Home library Current library Shelving location Date acquired Source of acquisition Cost, normal purchase price Inventory number Total checkouts Full call number Barcode Date last seen Copy number Price effective from Koha item type
    Dewey Decimal Classification     Trabajos de grado Miguel Henríquez Emiliani Miguel Henríquez Emiliani Trabajo de grado 04/05/2025 El autor 350000.00 025467   ODO 2024 M843 025467 10/26/2023 1 10/26/2023 Libros